| 000 | 00727nam a2200169 a 4500 | ||
|---|---|---|---|
| 001 | 000015793 | ||
| 005 | 20200929164144.0 | ||
| 008 | 100218s1972 dr r 000 0 spa d | ||
| 040 |
_aDO-SdBNP _bspa _cBNPHU |
||
| 082 |
_axxxx _bR426l |
||
| 110 | 1 |
_aRepública Dominicana _bSecretaría de Estado de Finanzas _bDirección General de Impuestos Sobre la Renta _935549 |
|
| 240 | 1 | 0 | _a[ leyes. etc.] |
| 245 | 1 | 0 |
_aLey de impuestos sobre la renta : _breglamentos para su aplicación. |
| 246 | 1 | 0 |
_aLey 5911 de impuesto sobre la renta y sus modificaciones : _breglamentos para su aplicación y resolución no. 1 de la dirección general |
| 260 |
_aSanto Domingo : _bSecretaría de Estado de Finanzas, _c1972. |
||
| 300 |
_a[132] ; _c30 cm. |
||
| 999 |
_c15339 _d15339 |
||